Philosophy of Indian culture (Record no. 1463981)

MARC details
000 -LEADER
fixed length control field 00809 a2200241 4500
005 - DATE AND TIME OF LATEST TRANSACTION
control field 20260311112041.0
008 - FIXED-LENGTH DATA ELEMENTS--GENERAL INFORMATION
fixed length control field 260311b |||||||| |||| 00| 0 eng d
020 ## - INTERNATIONAL STANDARD BOOK NUMBER
International Standard Book Number 978-93-85754-80-7
037 ## - SOURCE OF ACQUISITION
Terms of availability REF
040 ## - CATALOGING SOURCE
Original cataloging agency CRL
Transcribing agency CRL
041 ## - LANGUAGE CODE
Source of code eng
Language code of text/sound track or separate title eng
084 ## - COLON CLASSIFICATION NUMBER
Classification number Y:1:(R).2 R4.1-.3(RR)
Assigning agency CRL
100 ## - MAIN ENTRY--PERSONAL NAME
Personal name Diwakar, Vinod Mani
9 (RLIN) 846465
245 ## - TITLE STATEMENT
Title Philosophy of Indian culture
260 ## - PUBLICATION, DISTRIBUTION, ETC.
Place of publication, distribution, etc. New Delhi:
Name of publisher, distributor, etc. Kitabwale,
Date of publication, distribution, etc. 2019.
300 ## - PHYSICAL DESCRIPTION
Extent xvi,220p.(Vol.1)
-- xi,227p.(Vol.2)
-- vii,220p.(Vol.3)
365 ## - TRADE PRICE
Price amount 3150
Currency code INR
650 ## - SUBJECT ADDED ENTRY--TOPICAL TERM
Topical term or geographic name entry element Culture
650 ## - SUBJECT ADDED ENTRY--TOPICAL TERM
Topical term or geographic name entry element Philosophy
650 ## - SUBJECT ADDED ENTRY--TOPICAL TERM
Topical term or geographic name entry element Sociology
942 ## - ADDED ENTRY ELEMENTS (KOHA)
Koha item type Textbook
Source of classification or shelving scheme Colon Classification (CC)
Classification part Y:1:(R).2 R4.1-.3(RR)
Holdings
Withdrawn status Lost status Source of classification or shelving scheme Damaged status Not for loan Home library Current library Date acquired Source of acquisition Cost, normal purchase price Serial Enumeration / chronology Inventory number Total Checkouts Full call number Barcode Date last seen Cost, replacement price Price effective from Koha item type
    Colon Classification (CC)     Central Library Central Library 2025-10-03 Eastern Book Linkers 2840.00 Vol. - 1 40 & 01/10/2025   Y:1:(R).2 R4.1 CL1923691 2025-10-03 3550.00 2025-10-03 Reference
    Colon Classification (CC)     Central Library Central Library 2026-03-11 Eastern Book Linkers 2840.00 Vol. - 2 40 & 01/10/2025   Y:1:(R).2 R4.2 CL1923692 2026-03-09 3550.00 2025-10-03 Reference
    Colon Classification (CC)     Central Library Central Library 2026-03-11 Eastern Book Linkers 2840.00 Vol. - 3 40 & 01/10/2025   Y:1:(R).2 R4.3 CL1923693 2026-03-09 3550.00 2025-10-03 Reference
Copyright @ Delhi University Library System